| 000 | 00904nam a22001577a 4500 | ||
|---|---|---|---|
| 003 | LRUA | ||
| 005 | 20240808150437.0 | ||
| 008 | 240808b xxu||||| |||| 00| 0 eng d | ||
| 040 | _crua | ||
| 082 | _2AGR PUT 2020 B1-490 Or. | ||
| 100 |
_917197 _aPUTH SILOTH ពុត ស៊ីឡូត |
||
| 245 | _aNITROGEN AND IRRIGATION APPLICATION ON TOMATO (Solanum lycopersicum var. Neang Tom) PRODUCTION UNDER HIGH TUNNEL CONDITION IN SANDY LOAM ការគ្រប់គ្រង់អាសូត និងការស្រោចស្រពលើផលិតកម្មដំណាំំប៉េងបោះពូជនាងតំ (Solamum lycopersicum var. Neang Tom) ក្នុងលក្ខខណ្ធផ្ទះសំណាញ់ក្នុងវាយនភាពដីល្បាយខ្សាច់ | ||
| 260 |
_aphnom penh _brua _c2020 |
||
| 300 |
_aVII. _bV. _c29CM |
||
| 942 |
_2ddc _cAGR |
||
| 999 |
_c23515 _d23515 |
||